LEADER 01294nam a2200313 a 4500 001 000000125430 003 CaOOAMICUS 005 20110525095022.0 008 110525s2010 it u000 u ita r 020 $a978-88-13-29939-2 040 $aPUL$bita 082 04$a345.45 100 1 $aBonzano, Carlo.$0(OLS)http://pul/name/79392 245 13$aIl segreto di Stato nel processo penale /$cCarlo Bonzano. 260 $aPadova :$bCEDAM,$c2010. 300 $aXII, 301 p. ;$c24 cm. 490 1 $aProblemi attuali della giustizia penale ;$v35 504 $aBibliografia in nota. 650 4$aSegreto di Stato.$0(OLS)http://pul/subject/37670 650 4$aDiritto penale$zItalia.$0(OLS)http://pul/subject/10217 830 0$aProblemi attuali della giustizia penale ;$v35.$0(OLS)http://pul/title/136569 850 $aPUL 852 $aPUL$W1$xSL Diritto e Scienze Sociali 3$y79$m345. 45 BONCA 1$j144455$qDDC 21$B143484$CPULBib$Z2$F143484 $H115299 $82 941 1 $a9 996 $6020$a978-88-13-29939-2$9(OLS)http://pul/number/147282 996 $6082$a345.45$9(OLS)http://pul/classification/371 996 $6245$aIl segreto di Stato nel processo penale$9(OLS)http://pul/title/158161 996 $6260$aPadova :$bCEDAM$9(OLS)http://pul/publisher/48126 LEADER 01321nam a2200241 u 4500 001 000000073599 003 CaOOAMICUS 005 20070226122353.0 008 020913s1981 ge u000 u heb u 035 $a10939131 040 $aPUL(R)$bita 100 1 $aLisowsky, Gerhard,$d1915-$0(OLS)http://pul/name/48773 245 10$aKonkordanz zum hebräischen Alten Testament :$bnach dem von Paul Kahle in der Biblia Hebraica edidit R. Kittel besorgten masoretischen Text /$cunter verantwortlicher Mitwirkung von Leonhard Rost, ausgearbeitet und geschrieben von Gerhard Lisowsky. 250 $aZweite Auflage. 260 $aStuttgart :$bPrivileg. Württ. Bibelanstalt,$c1981. 300 $axvi, 1672 p. ;$c25 cm 630 04$aBiblia.$pV.T.$xConcordanze ebraiche.$0(OLS)http://pul/subject/5822 700 1 $aRost, Leonhard,$d1896-1979.$0(OLS)http://pul/name/24650 850 $aPUL 852 $aPUL$W1$xSL Cons. Gen., Altre Classi 1$y1$m2005 D 4$j95071$n $b $qStampati$B95071$CPULBib$Z2$F95071 $H $81 941 1 $a8 996 $6245$aKonkordanz zum hebräischen Alten Testament :$bnach dem von Paul Kahle in der Biblia Hebraica edidit R. Kittel besorgten masoretischen Text$9(OLS)http://pul/title/96684 996 $6260$aStuttgart :$bPrivileg. Württ. Bibelanstalt$9(OLS)http://pul/publisher/67341